Petróleo, energía y medioambiente: ¿hacia dónde vamos?
¿Cómo se puede hablar de desarrollo si no se acompañan las acciones con medidas claras de atención al medio ambiente? No solo la violencia y la crisis económica generan inestabilidad en el manejo de los recursos naturales por parte del Estado y la sociedad Salvadoreña. Por ello este articulo toca el...
Na minha lista:
| Formato: | Texto |
|---|---|
| Assuntos: | |
| Tags: |
Adicionar Tag
Sem tags, seja o primeiro a adicionar uma tag!
|
MARC
| LEADER | 00000 a a2200000 04500 | ||
|---|---|---|---|
| 001 | 5266 | ||
| 003 | |||
| 040 | |||
| 245 | |a Petróleo, energía y medioambiente: |b ¿hacia dónde vamos? | ||
| 520 | |a ¿Cómo se puede hablar de desarrollo si no se acompañan las acciones con medidas claras de atención al medio ambiente? No solo la violencia y la crisis económica generan inestabilidad en el manejo de los recursos naturales por parte del Estado y la sociedad Salvadoreña. Por ello este articulo toca el tema del petróleo, la energía y el medio ambiente a nivel interno de El Salvador | ||
| 650 | |a MEDIO AMBIENTE | ||
| 650 | |a DESARROLLO SOSTENIBLE | ||
| 650 | |a ENERGIA | ||
| 650 | |a PETROLEO | ||
| 650 | |a EL SALVADOR | ||
| 773 | |g volumen 63, número 711 -712; páginas 3-8 | ||
| 999 | |c 24471 |d 24471 | ||
| 773 | 0 | |0 18723 |9 2716 |a Universidad Centroamericana José Simeón Cañas (UCA) |d San Salvador, El Salvador Universidad Centroamericana José Simeón |o 05466 |t ECA: | |
